000 00319nam a22001337a 4500
008 181031b xxu||||| |||| 00| 0 eng d
020 _a0814136451
041 _aeng
080 _a371
100 _a46
101 _aEDU
245 _aPortfolios in the Writing Classroom An Introduction
_cYancey,K.B
942 _2udc
_cBK
999 _c51265
_d51265